000 00462nam a2200205Ia 4500
003 OSt
005 20230420163110.0
008 210423s2009 xx 000 0 und d
020 _a97886210790
040 _cAL
041 _aeng
082 _a808.80384 GIFT
100 _aGIFFORD (Terry).
_991245
245 _aPastoral.
260 _aLondon
_bRoutledge
_c2009
300 _axii,186
_bPB
365 _b240
_cINR
906 _aPastoral.
942 _2ddc
_cBK
999 _c160400
_d160400